Disney-Zeichentrickserien bis 1999 - Statistiken

Allgemein
  • Dieses Quiz wurde 70 mal gespielt
  • Das Durchschnittsergebnis liegt bei 10 aus 24
Antwortstatistiken
Jahr Beschreibung Name % Korrekt
1988 Sechs hüpfende Bären und ihr Zaubertrank Disneys Gummibärenbande
90%
1991 Zwei Erdhörnchen klären Verbrechen auf Chip und Chap - Die Ritter des Rechts
86%
1994 Nixe, Krabbe und Fisch erleben Abenteuer Arielle, die Meerjungfrau
80%
1989 Eine reiche Ente, seine Neffen und seine Freunde DuckTales - Neues aus Entenhausen
78%
1999 Weiße Hunde mit schwarzen Flecken 101 Dalmatiner
71%
1997 Erdmännchen & Warzenschwein (König der Löwen) Abenteuer mit Timon und Pumbaa
69%
1994 Magische Abenteuer in und um Agrabah Aladdin
58%
1999 Jugend eines Halbgottes und Helden in Ausbildung Hercules
58%
1993 Superhelden-Ente vs. Verbrecher Darkwing Duck
56%
1995 Honigessender Bär im Hundert-Morgen-Wald Neue Abenteuer mit Winnie Puuh
56%
1998 Schulhofgeschichten Disneys Große Pause
54%
1994 Ein tollpatschiger Hundevater und sein Sohn Goofy und Max
53%
1995 Gelb-schwarzes Tier mit langem Schwanz Marsupilami
44%
1992 Ein Bär führt Frachtflüge in der "Seegans" durch Käpt'n Balu und seine tollkühne Crew
29%
1998 Ein Eishockeyteam aus außerirdischen Enten Mighty Ducks - Das Powerteam
20%
1995 Nachtaktive Fantasiewesen bekämpfen das Böse Gargoyles
15%
1996 Ente und Teenagerneffen Quack Pack - Onkel D. & Die Boys!
14%
1995 Ein 11-Jähriger, sein Alltag und sein Tagebuch Doug
12%
1998 Rothaariges Mädchen aus der Kleinstadt Hazelnut Pepper Ann
8%
1998 Jungtiere im Dschungel Disneys Dschungelbuch-Kids
7%
1999 Frische Erzählungen einer berühmten Maus Neue Micky Maus Geschichten
3%
1994 Ein Luchs wird Polizist Bonkers
2%
1995 Kunterbuntes aus der Trickkiste Disneys Raw Toonage
0%
1996 Ein Katze und ein Hund leben unter einem Dach Shnookums & Meat
0%
Keine übereinstimmenden Quizze gefunden
Verteilung der Resultate
Anzahl Personen mit jedem Resultat
Perzentil nach korrekt beantworteten Fragen
Ihre Resultats-Entwicklung
Sie haben dieses Quiz noch nicht gespielt